Skip to main content
Your cart is empty.
Your lists
Log in to create your own lists
Your cookies
العربية
English
العربية
Home
Search
Advanced search
Authority search
About
The noble scholar, jurist, historian
His Excellency Dr. Abdul Wahhab bin Ibrahim Abu Sulaiman, may Allah have mercy on him.
He was born in Umm Al-Qura in the year 1356 AH.
Library catalog
Title
Author
Subject
ISBN
ISSN
Series
Call number
Log in to your account
×
Login:
Password:
Home
MARC view: درة الغواص في أوهام الخواص /
Normal view
MARC view
ISBD view
درة الغواص في أوهام الخواص / (Record no. 13749)
[
view plain
]
MARC details
000 -LEADER
fixed length control field
01925cam a2200325 i 4500
003 - CONTROL NUMBER IDENTIFIER
control field
SA-RiAUC
005 - DATE AND TIME OF LATEST TRANSACTION
control field
20251228090001.0
008 - FIXED-LENGTH DATA ELEMENTS--GENERAL INFORMATION
fixed length control field
251123s2013 le g 001 0 ara c
020 ## - INTERNATIONAL STANDARD BOOK NUMBER
International Standard Book Number
9953342202
020 ## - INTERNATIONAL STANDARD BOOK NUMBER
International Standard Book Number
9789953342207
024 0# - OTHER STANDARD IDENTIFIER
Standard number or code
00000000266205
040 ## - CATALOGING SOURCE
Original cataloging agency
SA-JeALM
Language of cataloging
ara
Transcribing agency
SA-RiAUC
Modifying agency
KAC
Description conventions
rda
082 04 - DEWEY DECIMAL CLASSIFICATION NUMBER
Classification number
411.52
Assigning agency
SA-RiAUC
090 ## - LOCALLY ASSIGNED LC-TYPE CALL NUMBER (OCLC); LOCAL CALL NUMBER (RLIN)
Classification number (OCLC) (R) ; Classification number, CALL (RLIN) (NR)
411.52
Local cutter number (OCLC) ; Book number/undivided call number, CALL (RLIN)
ح ر ي
100 1# - MAIN ENTRY--PERSONAL NAME
Personal name
الحريري، القاسم بن علي بن محمد،
Dates associated with a name
446-516 هجري
Relator term
مؤلف.
245 10 - TITLE STATEMENT
Title
درة الغواص في أوهام الخواص /
Statement of responsibility, etc.
للقاسم بن علي محمد الحريري ؛ تحقيق بشار بكور.
250 ## - EDITION STATEMENT
Edition statement
الطبعة الثانية.
264 #1 - PRODUCTION, PUBLICATION, DISTRIBUTION, MANUFACTURE, AND COPYRIGHT NOTICE
Place of production, publication, distribution, manufacture
دمشق ؛
Name of producer, publisher, distributor, manufacturer
دار الثقافة والتراث.
Date of production, publication, distribution, manufacture, or copyright notice
2002
300 ## - PHYSICAL DESCRIPTION
Extent
221 صفحة ؛
Dimensions
24 × 17 سم
336 ## - CONTENT TYPE
Content type term
نص
Content type code
txt
Source
rdacontent
Materials specified
كتاب
337 ## - MEDIA TYPE
Media type term
بدون وسيط
Media type code
n
Source
rdamedia
338 ## - CARRIER TYPE
Carrier type term
مجلد
Carrier type code
nc
Source
rdacarrier
500 ## - GENERAL NOTE
General note
كشافات : صفحة 181-218.
504 ## - BIBLIOGRAPHY, ETC. NOTE
Bibliography, etc. note
ببليوجرافية : صفحة 219-221.
505 0# - FORMATTED CONTENTS NOTE
Formatted contents note
المحتويات : قولهم قدم سائر الحاج-استطراد بذكر بيتين للشنفري-قولهم للمتتابع متواتر-قولهم أزف وقت الصلاة-قولهم زيد أفضل إخوته-قولهم لمن يأخذ الشيء بقوة قد تغشمر-قولهم بعد اللتيا والتي بضم اللام الثانية من اللتيا-قولهم فلان يستأهل الإكرام-قولهم لا أكلمه قط-قولهم للمريض مسح الله ما بك-قولهم لمن يحمل الدواة دواتي-قولهم ندم ولعله وقدم-قولهم امتلأت بطنه ... وغيره من الموضوعات.
650 #7 - SUBJECT ADDED ENTRY--TOPICAL TERM
Topical term or geographic name entry element
اللغة العربية
General subdivision
أخطاء الاستعمال
Source of heading or term
aucsh
700 1# - ADDED ENTRY--PERSONAL NAME
Personal name
بكور, بشار .
Relator term
محقق.
942 ## - ADDED ENTRY ELEMENTS (KOHA)
Source of classification or shelving scheme
Dewey Decimal Classification
Koha item type
Books
Suppress in OPAC
No
949 ## - LOCAL PROCESSING INFORMATION (OCLC)
a
SA-JeALM
d
251123
u
mohamedma123
n
1
Holdings
Withdrawn status
Lost status
Source of classification or shelving scheme
Damaged status
Not for loan
Home library
Current library
Date acquired
Total checkouts
Full call number
Barcode
Date last seen
Price effective from
Koha item type
Dewey Decimal Classification
DR AbdElwahab Library
DR AbdElwahab Library
12/28/2025
411.52 ح ر ي
000022038
12/28/2025
12/28/2025
Books
Place hold
Print
Add to your cart
(remove)
Save record
BIBTEX
Dublin Core
MARCXML
MARC (non-Unicode/MARC-8)
MARC (Unicode/UTF-8)
MARC (Unicode/UTF-8, Standard)
MODS (XML)
RIS
ISBD
More searches
Search for this title in:
Other Libraries (WorldCat)
Other Databases (Google Scholar)
Online Stores (Bookfinder.com)
Open Library (openlibrary.org)
Exporting to Dublin Core...
×
Simple DC-RDF
OAI-DC
SRW-DC